[Event "HUN-chT2 Szechenyi 1617"]
[Site "Hungary"]
[Date "2016.10.30"]
[Round "3.9"]
[White "Kerecsenyi, Zoltan"]
[Black "Veber, Richard"]
[Result "1/2-1/2"]
[WhiteElo "1651"]
[BlackElo "1854"]
[PlyCount "35"]
[EventDate "2016.09.25"]
[EventType "team-tourn"]
[EventRounds "11"]
[EventCountry "HUN"]
[SourceTitle "EXT 2021"]
[Source "ChessBase"]
[SourceDate "2020.10.23"]
[SourceVersion "1"]
[SourceVersionDate "2020.10.23"]
[SourceQuality "1"]
[WhiteTeam "Papa"]
[BlackTeam "Ajka Banyasz"]
[WhiteTeamCountry "HUN"]
[BlackTeamCountry "HUN"]

1. Nf3 Nf6 2. c4 c5 3. Nc3 Nc6 4. e3 d5 5. cxd5 Nxd5 6. a3 e6 7. Bb5 Bd7 8. Bxc6 Bxc6 9. 0-0 Bd6 10. d4 Qc7 11. Ne4 c4 12. Nxd6+ Qxd6 13. Bd2 a5 14. Rc1 0-0 15. Ne5 b5 16. Qe1 Rfc8 17. Nxc6 Rxc6 18. Bxa5 1/2-1/2

[Event "HUN-chT2 Szechenyi 1415"]
[Site "Hungary"]
[Date "2014.09.07"]
[Round "1.10"]
[White "Veber, Richard"]
[Black "Lakatos, Ervin"]
[Result "1-0"]
[WhiteElo "1918"]
[BlackElo "1701"]
[PlyCount "85"]
[EventDate "2014.09.07"]
[EventType "team-tourn"]
[EventRounds "11"]
[EventCountry "HUN"]
[SourceTitle "EXT 2016"]
[Source "ChessBase"]
[SourceDate "2015.10.08"]
[SourceVersion "1"]
[SourceVersionDate "2015.10.08"]
[SourceQuality "1"]
[WhiteTeam "Ajka Banyasz"]
[BlackTeam "Zala Volan"]
[WhiteTeamCountry "HUN"]
[BlackTeamCountry "HUN"]

1. e4 c5 2. Nc3 Nc6 3. g3 g6 4. Bg2 Bg7 5. Nge2 d6 6. d3 Nf6 7. h3 a6 8. Be3 Bd7 9. 0-0 0-0 10. Qd2 h5 11. Bh6 Qc8 12. Bxg7 Kxg7 13. Kh2 e5 14. f4 Ne7 15. fxe5 dxe5 16. Qg5 Neg8 17. Qxe5 Re8 18. Qf4 Qb8 19. Nd5 Qxf4 20. Nexf4 Nxd5 21. Nxd5 Rac8 22. Rf2 Be6 23. c4 Ne7 24. Raf1 Nc6 25. Bf3 Rcd8 26. Bd1 Nb4 27. Nxb4 cxb4 28. Bc2 Re7 29. b3 Rd4 30. Bb1 Bd7 31. Rf6 Be6 32. R6f4 Red7 33. g4 g5 34. R4f2 h4 35. Kg2 Kg6 36. Rf6+ Kg7 37. R6f3 Kg6 38. Kf2 a5 39. Ke3 b6 40. Rc1 R4d6 41. c5 Rc6 42. d4 bxc5 43. d5 1-0

[Event "HUN-chT2 Szechenyi 1213"]
[Site "Hungary"]
[Date "2013.04.07"]
[Round "10.10"]
[White "Veber, Richard"]
[Black "Kiss, Laszlo"]
[Result "1/2-1/2"]
[WhiteElo "1959"]
[BlackElo "1671"]
[PlyCount "97"]
[EventDate "2012.09.16"]
[EventType "team-tourn"]
[EventRounds "11"]
[EventCountry "HUN"]
[SourceTitle "EXT 2014"]
[Source "ChessBase"]
[SourceDate "2013.11.20"]
[SourceVersion "1"]
[SourceVersionDate "2013.11.20"]
[SourceQuality "1"]
[WhiteTeam "Ajka Banyasz"]
[BlackTeam "Arboretum"]
[WhiteTeamCountry "HUN"]
[BlackTeamCountry "HUN"]

1. e4 Nf6 2. Nc3 d5 3. exd5 Nxd5 4. Bc4 Nb6 5. Bb3 Nc6 6. d3 Nd4 7. Be3 Nxb3 8. axb3 c6 9. h3 e6 10. Nf3 Bd6 11. Qd2 0-0 12. 0-0 Bd7 13. Ne4 Be7 14. Ne5 Be8 15. Rfe1 f6 16. Nc4 Nxc4 17. bxc4 a6 18. Bc5 Bf7 19. Qb4 Bxc5 20. Nxc5 Qd6 21. Qb6 Rfb8 22. Ne4 Qd8 23. Qe3 e5 24. b3 Qc7 25. Qg3 Bg6 26. Nd2 Rd8 27. Nf3 Bf7 28. Re4 c5 29. Rae1 Rd7 30. Nh4 Be6 31. Qf3 Rad8 32. Nf5 Bxf5 33. Qxf5 Rd4 34. Rxd4 Rxd4 35. Qe6+ Kf8 36. f3 Rd6 37. Qf5 Kg8 38. f4 g6 39. Qe4 Rd4 40. Qf3 Rxf4 41. Qd5+ Kg7 42. c3 h5 43. Rd1 h4 44. d4 exd4 45. cxd4 cxd4 46. Rxd4 Rxd4 47. Qxd4 g5 48. Qd5 Qe7 49. c5 1/2-1/2

[Event "HUN-chT2 Szechenyi 1112"]
[Site "Hungary"]
[Date "2012.02.19"]
[Round "6.10"]
[White "Farkas, Mate"]
[Black "Veber, Richard"]
[Result "0-1"]
[WhiteElo "1765"]
[BlackElo "1971"]
[PlyCount "30"]
[EventDate "2011.09.25"]
[EventType "team-tourn"]
[EventRounds "11"]
[EventCountry "HUN"]
[SourceTitle "EXT 2013"]
[Source "ChessBase"]
[SourceDate "2012.11.22"]
[SourceVersion "1"]
[SourceVersionDate "2012.11.22"]
[SourceQuality "1"]
[WhiteTeam "Haladas"]
[BlackTeam "Ajka Banyasz"]
[WhiteTeamCountry "HUN"]
[BlackTeamCountry "HUN"]

1. e4 d5 2. exd5 Nf6 3. Nf3 Nxd5 4. d4 Bg4 5. Be2 e6 6. Bg5 Be7 7. Bxe7 Qxe7 8. Nbd2 0-0 9. Nb3 Nd7 10. Qd2 c5 11. Nxc5 Nxc5 12. dxc5 Qxc5 13. c3 Rfd8 14. Nd4 Bxe2 15. Qxe2 Nxc3 0-1

[Event "HUN-chT2 Szechenyi 0809"]
[Site "Hungary"]
[Date "2009.04.19"]
[Round "11.10"]
[White "Toth, Alexandra"]
[Black "Veber, Richard"]
[Result "0-1"]
[WhiteElo "1838"]
[BlackElo "1971"]
[PlyCount "58"]
[EventDate "2008.10.26"]
[EventType "team-tourn"]
[EventRounds "11"]
[EventCountry "HUN"]
[SourceTitle "EXT 2010"]
[Source "ChessBase"]
[SourceDate "2010.11.25"]
[SourceVersion "1"]
[SourceVersionDate "2010.11.25"]
[SourceQuality "1"]
[WhiteTeam "Flesch"]
[BlackTeam "Ajka Banyasz"]
[WhiteTeamCountry "HUN"]
[BlackTeamCountry "HUN"]

1. e4 d5 2. exd5 Qxd5 3. Nc3 Qd8 4. Nf3 g6 5. Bc4 Bg7 6. d3 Nf6 7. Be3 0-0 8. Qd2 c6 9. 0-0-0 b5 10. Bb3 a5 11. a4 Ba6 12. Rde1 Nbd7 13. Nd4 Bb7 14. Rhg1 Nc5 15. axb5 Nxb3+ 16. Nxb3 a4 17. Nc5 Qc7 18. Bf4 Qb6 19. N5xa4 Qd4 20. Be3 Qd7 21. bxc6 Bxc6 22. b3 Bxa4 23. Nxa4 Nd5 24. d4 Rfc8 25. Nc5 Rxc5 26. Kb2 Rc3 27. Rc1 Rac8 28. Qe1 Nxe3 29. fxe3 Bh6 0-1

[Event "HUN-chT2 Szechenyi 0708"]
[Site "Hungary"]
[Date "2008.02.17"]
[Round "6"]
[White "Hagymasi, Janos"]
[Black "Veber, Richard"]
[Result "0-1"]
[WhiteElo "2000"]
[BlackElo "1992"]
[PlyCount "82"]
[EventDate "2007.10.14"]
[EventType "team"]
[EventRounds "11"]
[EventCountry "HUN"]
[SourceTitle "EXT 2009"]
[Source "ChessBase"]
[SourceDate "2008.11.26"]
[SourceVersion "1"]
[SourceVersionDate "2008.11.26"]
[SourceQuality "1"]
[WhiteTeam "Veszprem"]
[BlackTeam "Ajka Banyasz"]
[WhiteTeamCountry "HUN"]
[BlackTeamCountry "HUN"]

1. e4 e5 2. Nf3 Nc6 3. Bc4 Bc5 4. d3 d6 5. Be3 Bb6 6. h3 h6 7. Nc3 Nf6 8. Qd2 Be6 9. Bb5 Bd7 10. 0-0 0-0 11. Nh2 Nd4 12. Bc4 Be6 13. Bb3 Bxb3 14. axb3 c6 15. Ne2 Nxe2+ 16. Qxe2 Qe7 17. f4 exf4 18. Rxf4 Qe5 19. Raf1 Nh5 20. d4 Nxf4 21. Bxf4 Qxd4+ 22. Kh1 Rfe8 23. e5 Rxe5 24. Bxe5 Qxe5 25. Qf3 Rf8 26. c3 f5 27. Ng4 Qe4 28. Nxh6+ gxh6 29. Qg3+ Kh7 30. Qxd6 Rg8 31. Qd2 Rg7 32. Re1 Qh4 33. Rf1 Qg5 34. Qc2 Rf7 35. g4 Qe3 36. Kg2 Kg8 37. Kh2 f4 38. Qg6+ Rg7 39. Qxh6 Bc7 40. Qf6 Qg3+ 41. Kh1 Qxh3+ 0-1

[Event "HUN-chT2 Szechenyi 0506"]
[Site "Hungary"]
[Date "2005.11.13"]
[Round "3"]
[White "Veber, Richard"]
[Black "Lang, Gusztav"]
[Result "1/2-1/2"]
[WhiteElo "2001"]
[BlackElo "2056"]
[PlyCount "35"]
[EventDate "2005.10.16"]
[EventType "team"]
[EventRounds "11"]
[EventCountry "HUN"]
[SourceTitle "EXT 2009"]
[Source "ChessBase"]
[SourceDate "2008.11.26"]
[SourceVersion "1"]
[SourceVersionDate "2008.11.26"]
[SourceQuality "1"]
[WhiteTeam "Ajka Banyasz"]
[BlackTeam "Sarvar"]
[WhiteTeamCountry "HUN"]
[BlackTeamCountry "HUN"]

1. e4 c5 2. Nc3 Nc6 3. g3 Nf6 4. Bg2 d6 5. d3 Bg4 6. Nge2 e5 7. h3 Bd7 8. 0-0 Qc8 9. Kh2 h5 10. f3 Be7 11. Be3 Rb8 12. Qd2 b5 13. Nd1 d5 14. exd5 Nxd5 15. Bf2 h4 16. g4 Qc7 17. Ndc3 Be6 18. Ne4 1/2-1/2

[Event "HUN-chT2 Szechenyi 0405"]
[Site "Hungary"]
[Date "2005.04.10"]
[Round "10"]
[White "Veber, Richard"]
[Black "Toth, Laszlo2222"]
[Result "0-1"]
[WhiteElo "2013"]
[BlackElo "2068"]
[PlyCount "88"]
[EventDate "2004.09.26"]
[EventType "team"]
[EventRounds "11"]
[EventCountry "HUN"]
[SourceTitle "EXT 2009"]
[Source "ChessBase"]
[SourceDate "2008.11.26"]
[SourceVersion "1"]
[SourceVersionDate "2008.11.26"]
[SourceQuality "1"]
[WhiteTeam "Ajka Banyasz"]
[BlackTeam "Zala Volan"]
[WhiteTeamCountry "HUN"]
[BlackTeamCountry "HUN"]

1. e4 e5 2. Nc3 d6 3. g3 Nf6 4. Bg2 Nc6 5. Nge2 Be7 6. 0-0 h5 7. h3 Be6 8. Kh2 g5 9. f3 Qd7 10. d4 exd4 11. Nxd4 h4 12. g4 Nxd4 13. Qxd4 c5 14. Qa4 Qxa4 15. Nxa4 Nd7 16. Nc3 0-0-0 17. f4 f6 18. Nd5 Bxd5 19. exd5 Rhf8 20. Be4 Kc7 21. Bd2 b6 22. Bf5 Rf7 23. Bxd7 Rxd7 24. fxg5 Bd8 25. g6 Rg7 26. Be1 Rxg6 27. Bxh4 Rh7 28. Be1 Rxg4 29. Bc3 Rgh4 30. Rf3 f5 31. Rg1 Rf7 32. Rg6 Kd7 33. b3 b5 34. Kg3 b4 35. Bb2 Re4 36. c4 Bh4+ 37. Kh2 f4 38. Kg1 Rfe7 39. Rg7 Rxg7+ 40. Bxg7 Bg3 41. Bh6 a5 42. Bg5 Ke8 43. h4 a4 44. Rf1 a3 0-1

[Event "HUN-chT2 Szechenyi 0405"]
[Site "Hungary"]
[Date "2004.12.05"]
[Round "4"]
[White "Horvath, Adam2222"]
[Black "Veber, Richard"]
[Result "1-0"]
[WhiteElo "2010"]
[BlackElo "2013"]
[PlyCount "77"]
[EventDate "2004.09.26"]
[EventType "team"]
[EventRounds "11"]
[EventCountry "HUN"]
[SourceTitle "EXT 2009"]
[Source "ChessBase"]
[SourceDate "2008.11.26"]
[SourceVersion "1"]
[SourceVersionDate "2008.11.26"]
[SourceQuality "1"]
[WhiteTeam "Tapolca II"]
[BlackTeam "Ajka Banyasz"]
[WhiteTeamCountry "HUN"]
[BlackTeamCountry "HUN"]

1. e4 g6 2. d4 Bg7 3. Nc3 d6 4. Bc4 Nc6 5. Nge2 e5 6. Be3 Nf6 7. 0-0 0-0 8. Bg5 h6 9. Bh4 g5 10. Bg3 Nh5 11. dxe5 Nxe5 12. Bxe5 Bxe5 13. Nd4 Nf4 14. g3 Bxd4 15. Qxd4 Ne6 16. Qe3 c6 17. Kh1 Qe7 18. f4 b5 19. Bxe6 fxe6 20. fxg5 Qxg5 21. Rxf8+ Kxf8 22. Rf1+ Ke7 23. Qf3 Qg7 24. e5 d5 25. Qf6+ Qxf6 26. Rxf6 h5 27. Rh6 Bd7 28. Rh7+ Kd8 29. Rxh5 Be8 30. Rh7 a5 31. Ne2 Ra6 32. Nf4 Bd7 33. Rh8+ Ke7 34. h4 c5 35. h5 Bc6 36. Rh7+ Kf8 37. Nxe6+ Kg8 38. Rg7+ Kh8 39. Rc7 1-0

[Event "HUN-chT2 Szechenyi 0304"]
[Site "Hungary"]
[Date "2004.03.21"]
[Round "9"]
[White "Veber, Richard"]
[Black "Demeter, Tamas"]
[Result "0-1"]
[WhiteElo "2025"]
[BlackElo "1917"]
[PlyCount "82"]
[EventDate "2003.09.28"]
[EventType "team"]
[EventRounds "11"]
[EventCountry "HUN"]
[SourceTitle "EXT 2009"]
[Source "ChessBase"]
[SourceDate "2008.11.26"]
[SourceVersion "1"]
[SourceVersionDate "2008.11.26"]
[SourceQuality "1"]
[WhiteTeam "Ajka Banyasz"]
[BlackTeam "Gyor Vizugy"]
[WhiteTeamCountry "HUN"]
[BlackTeamCountry "HUN"]

1. e4 e5 2. Nc3 d6 3. g3 g6 4. Bg2 Bg7 5. Nge2 Ne7 6. 0-0 0-0 7. d3 Nbc6 8. Be3 f5 9. Qd2 Rb8 10. Bh6 Nd4 11. Bxg7 Kxg7 12. Rae1 Ne6 13. f4 exf4 14. Nxf4 Nxf4 15. Rxf4 c6 16. Qe3 Qb6 17. Qxb6 axb6 18. Ref1 Be6 19. a3 b5 20. Bh3 h6 21. Ne2 g5 22. R4f2 g4 23. Bg2 fxe4 24. Bxe4 d5 25. Nf4 Bf7 26. Bg2 Nf5 27. Nxd5 Nxg3 28. hxg3 Bxd5 29. Rxf8 Rxf8 30. Rxf8 Kxf8 31. Bxd5 cxd5 32. Kf2 Ke7 33. Ke3 Kf6 34. Kf4 h5 35. d4 b6 36. c3 Kg6 37. Ke3 Kg5 38. b3 h4 39. gxh4+ Kxh4 40. Kf2 Kh3 41. Kg1 g3 0-1

[Event "Hungaropharma Cup"]
[Site "Budapest"]
[Date "2001.08.19"]
[Round "3.5"]
[White "Veber, Richard"]
[Black "Horvath, Gabor"]
[Result "0-1"]
[WhiteElo "2048"]
[BlackElo "2315"]
[PlyCount "66"]
[EventDate "2001.08.18"]
[EventType "team"]
[EventRounds "4"]
[EventCountry "HUN"]
[SourceTitle "EXT 2004"]
[Source "ChessBase"]
[SourceDate "2003.11.25"]
[SourceVersion "1"]
[SourceVersionDate "2003.11.25"]
[SourceQuality "1"]

1. e4 c5 2. Nc3 e5 3. g3 g6 4. Bg2 Bg7 5. d3 Ne7 6. Nge2 0-0 7. 0-0 Nbc6 8. f4 d6 9. Be3 Nd4 10. Qd2 Rb8 11. Rf2 f5 12. Raf1 Be6 13. h3 b5 14. b3 b4 15. Na4 Nxe2+ 16. Qxe2 Bd7 17. Kh2 Bxa4 18. bxa4 Qa5 19. fxe5 Bxe5 20. Bg5 Rfe8 21. Qd2 fxe4 22. Bxe4 d5 23. Bxe7 dxe4 24. Bf6 e3 25. Qxe3 Bxf6 26. Qh6 Bg7 27. Qg5 Re5 28. Qg4 Qxa4 29. d4 cxd4 30. Qxd4 Qxa2 31. Qd6 Ree8 32. Qc7 Rbc8 33. Qd7 Rf8 0-1

[Event "Hungaropharma Cup"]
[Site "Budapest"]
[Date "2001.08.18"]
[Round "1.1"]
[White "Veber, Richard"]
[Black "Szalai, Kornel"]
[Result "0-1"]
[WhiteElo "2048"]
[BlackElo "2180"]
[PlyCount "68"]
[EventDate "2001.08.18"]
[EventType "team"]
[EventRounds "4"]
[EventCountry "HUN"]
[SourceTitle "EXT 2004"]
[Source "ChessBase"]
[SourceDate "2003.11.25"]
[SourceVersion "1"]
[SourceVersionDate "2003.11.25"]
[SourceQuality "1"]

1. e4 d5 2. exd5 Qxd5 3. Nc3 Qa5 4. Bc4 Nf6 5. Nf3 Bf5 6. 0-0 e6 7. d3 Nbd7 8. Bd2 c6 9. Re1 Qc7 10. Ne2 Bg6 11. Ng3 Be7 12. Bc3 0-0 13. Qd2 Nd5 14. Bxd5 cxd5 15. Re2 Bd6 16. Rae1 a5 17. Be5 Nxe5 18. Nxe5 b5 19. Nxg6 hxg6 20. Rc1 Bf4 21. Qd1 Bxc1 22. Qxc1 b4 23. Nf1 a4 24. Ne3 Rfc8 25. Nd1 a3 26. b3 d4 27. Qd2 Qd6 28. f3 Ra6 29. Nf2 Rac6 30. Qd1 e5 31. Qe1 Rxc2 32. Rxe5 Rc1 33. Re8+ Rxe8 34. Qxc1 Qe6 0-1